01228cam a22003135a 45000010009000000050017000090080041000260200022000670200024000890400033001130820019001461000019001652450070001842460025002542500012002792600061002913000027003525040051003795050088004306500058005186500063005766510010006396530027006497000023006768560091006999420008007909990017007989520099008151264731520180621123151.0020116t2003 flua frbf 001 0 eng d a1566705363 (v. 1) a978156670363 (v. 1) aDLCcDLCdDLCdEG-ScBUEbeng04222a363.7bKOR1 aKoren, Herman.10aHandbook of environmental health /cHerman Koren, Michael Bisesi.30aEnvironmental health a4th ed. aBoca Raton :bLewis Publishers / CRC Press LIC,cc.2003. av. 1 :bill. ;c24 cm. aIncludes bibliographical references and index.0 av. 1. Biological, chemical, and physical agents of environmentally related disease. 0aEnvironmental healthvHandbooks, manuals, etc.2BUEsh 0aEnvironmental engineeringvHandbooks, manuals, etc.2BUEsh 2BUEsh bENGGENbGGENcJune20181 aBisesi, Michael S.423Publisher descriptionuhttp://www.loc.gov/catdir/enhancements/fy0646/2002016110-d.html 2ddc c26801d26773 00102ddc4070aMAINbMAINc1STd2018-06-21l0o363.7 KORp000047836r2025-07-15 00:00:00yBB